000 00540nam a2200157 a 4500
001 000037953
005 20250211094044.0
008 130311s2011 dr 000 0 spa d
110 1 _aRepública Dominicana. Consejo Nacional de Reforma del Estado
_964396
240 1 0 _a[Leyes, etc.]
245 1 0 _aAnte-proyecto de ley que crea el Instituto Dominicano de Acceso a la Información Pública.
260 _aSanto Domingo :
_bCONARE,
_c2011.
300 _a43 P. ;
_c22 cm.
500 _aIncluye notas al pie de las páginas
999 _c37443
_d37443
040 _aDO-SdBNP